Momentos : inicio y memoria : cortometrajes de la República Federal de Alemania /
Texto divulgado en Guadalajara con motivo de la presentación del ciclo de cortometrajes alemanes por parte del Instituto Goethe local, en 1988. En él se hace una valoración del estado del género en la RFA, de la posguerra hasta el momento.
Đã lưu trong:
| Tác giả chính: | |
|---|---|
| Định dạng: | Sách |
| Ngôn ngữ: | Tiếng Tây Ban Nha |
| Được phát hành: |
Munich, Alemania :
Instituto Goethe,
1987
|
| Những chủ đề: | |
| Các nhãn: |
Không có thẻ, Là người đầu tiên thẻ bản ghi này!
|
MARC
| LEADER | 00000nam^a2200000^a^4500 | ||
|---|---|---|---|
| 001 | 000310779 | ||
| 005 | 20250521000000.0 | ||
| 008 | 110531 1987 | ||
| 009 | 20260310113025.82 | ||
| 037 | |a Acervo ITESO - Biblioteca | ||
| 041 | |a ESP | ||
| 082 | |a 302. 2350943 |b GRA | ||
| 100 | |a Gramann, Karola |e (autor) | ||
| 245 | 1 | 0 | |a Momentos : |b inicio y memoria : cortometrajes de la República Federal de Alemania / |c K. Gramann ; tr. por José M. Domínguez. |
| 264 | 1 | |a Munich, Alemania : |b Instituto Goethe, |c 1987 | |
| 300 | |a 52 p. | ||
| 336 | |a texto |b txt |2 rdacontenido | ||
| 337 | |a sin mediación |b n |2 rdamedio | ||
| 338 | |a volumen |b nc |2 rdasoporte | ||
| 520 | |a Texto divulgado en Guadalajara con motivo de la presentación del ciclo de cortometrajes alemanes por parte del Instituto Goethe local, en 1988. En él se hace una valoración del estado del género en la RFA, de la posguerra hasta el momento. | ||
| 649 | |a XX | ||
| 650 | |a Distribución y Exhibición Cinematográficas - |z Guadalajara, Jalisco - |x Historia - |y 1980-1989 - |x Tema Principal | ||
| 650 | |a Distribución y Exhibición Cinematográficas - |z México (Ciudad) - |x Historia - |y Siglo XX | ||
| 650 | |a Distribución y Exhibición Cinematográficas - |z México - |x Historia - |y 1980-1989 - |x Tema Principal | ||
| 650 | |a Distribución y Exhibición Cinematográficas - |z México - |x Historia - |y Siglo XX | ||
| 650 | |a Cortometrajes y Mediometrajes Alemanes - |x Tema Principal | ||
| 650 | |a Cortometrajes y Mediometrajes Alemanes - |x Historia y Crítica | ||
| 650 | |a Cine Alemán - |x Reseñas | ||
| 650 | |a Cine Alemán - |x Ciclos y Retrospectivas - |x Tema Principal | ||
| 650 | |a Cine Alemán - |x Historia y Crítica | ||
| 910 | |a Fondo General | ||
| 920 | |a Impresos - Libros | ||
| 930 | |a Obras de Referencia | ||
| 905 | |a 102 | ||
| 901 | |a 0500197528 |b IT2 |c REF |i D54047 |u 20250521 | ||
| 902 | |a https://opac.biblio.iteso.mx/vufind/Record/000310779 | ||